Sonata Song in Flute: (Record no. 356062)
[ view plain ]
| 000 -LEADER | |
|---|---|
| fixed length control field | 00301nam a2200097Ia 4500 |
| 008 - FIXED-LENGTH DATA ELEMENTS--GENERAL INFORMATION | |
| fixed length control field | 180305s9999 xx 000 0 und d |
| 100 ## - MAIN ENTRY--PERSONAL NAME | |
| Personal name | Ursua, Dante U. |
| 245 ## - TITLE STATEMENT | |
| Statement of responsibility, etc | Dante U. Ursua |
| Title | Sonata Song in Flute: |
| Remainder of title | Bamboo Flute Music 7/ |
| 260 ## - PUBLICATION, DISTRIBUTION, ETC. (IMPRINT) | |
| Place of publication, distribution, etc | Makati City |
| Name of publisher, distributor, etc | Kingflute Philippines |
| Date of publication, distribution, etc | 1997 |
| 300 ## - PHYSICAL DESCRIPTION | |
| Extent | 46 Pages |
| Withdrawn status | Lost status | Source of classification or shelving scheme | Damaged status | Home library | Current library | Shelving location | Date acquired | Source of acquisition | Total Checkouts | Total Renewals | Full call number | Barcode | Date last seen | Date checked out | Price effective from | Koha item type |
|---|---|---|---|---|---|---|---|---|---|---|---|---|---|---|---|---|
| Library of Congress Classification | Archives | Archives | 03/05/2018 | Donation | 1 | 5 | M 38.3 .Ur82 1997 | C2208 | 06/19/2020 | 08/01/2019 | 03/05/2018 | Books |